<?xml version="1.0" encoding="UTF-8"?>
<collection xmlns="http://www.loc.gov/MARC21/slim">
 <record>
  <leader>04571nam a22004815i 4500</leader>
  <controlfield tag="001">978-90-6704-903-0</controlfield>
  <controlfield tag="003">DE-He213</controlfield>
  <controlfield tag="005">20210618044344.0</controlfield>
  <controlfield tag="007">cr nn 008mamaa</controlfield>
  <controlfield tag="008">121214s2013    ne |    s    |||| 0|eng d</controlfield>
  <datafield tag="020" ind1=" " ind2=" ">
   <subfield code="a">9789067049030</subfield>
   <subfield code="9">978-90-6704-903-0</subfield>
  </datafield>
  <datafield tag="024" ind1="7" ind2=" ">
   <subfield code="a">10.1007/978-90-6704-903-0</subfield>
   <subfield code="2">doi</subfield>
  </datafield>
  <datafield tag="050" ind1=" " ind2="4">
   <subfield code="a">KJE901-9796</subfield>
  </datafield>
  <datafield tag="072" ind1=" " ind2="7">
   <subfield code="a">LB</subfield>
   <subfield code="2">bicssc</subfield>
  </datafield>
  <datafield tag="072" ind1=" " ind2="7">
   <subfield code="a">LAW051000</subfield>
   <subfield code="2">bisacsh</subfield>
  </datafield>
  <datafield tag="072" ind1=" " ind2="7">
   <subfield code="a">LB</subfield>
   <subfield code="2">thema</subfield>
  </datafield>
  <datafield tag="082" ind1="0" ind2="4">
   <subfield code="a">341.2422</subfield>
   <subfield code="2">23</subfield>
  </datafield>
  <datafield tag="245" ind1="1" ind2="0">
   <subfield code="a">Between Autonomy and Dependence</subfield>
   <subfield code="h">[electronic resource] :</subfield>
   <subfield code="b">The EU Legal Order under the Influence of International Organisations /</subfield>
   <subfield code="c">edited by Ramses A. Wessel, Steven Blockmans.</subfield>
  </datafield>
  <datafield tag="250" ind1=" " ind2=" ">
   <subfield code="a">1st ed. 2013.</subfield>
  </datafield>
  <datafield tag="264" ind1=" " ind2="1">
   <subfield code="a">The Hague :</subfield>
   <subfield code="b">T.M.C. Asser Press :</subfield>
   <subfield code="b">Imprint: T.M.C. Asser Press,</subfield>
   <subfield code="c">2013.</subfield>
  </datafield>
  <datafield tag="300" ind1=" " ind2=" ">
   <subfield code="a">VIII, 340 p.</subfield>
   <subfield code="b">online resource.</subfield>
  </datafield>
  <datafield tag="336" ind1=" " ind2=" ">
   <subfield code="a">text</subfield>
   <subfield code="b">txt</subfield>
   <subfield code="2">rdacontent</subfield>
  </datafield>
  <datafield tag="337" ind1=" " ind2=" ">
   <subfield code="a">computer</subfield>
   <subfield code="b">c</subfield>
   <subfield code="2">rdamedia</subfield>
  </datafield>
  <datafield tag="338" ind1=" " ind2=" ">
   <subfield code="a">online resource</subfield>
   <subfield code="b">cr</subfield>
   <subfield code="2">rdacarrier</subfield>
  </datafield>
  <datafield tag="347" ind1=" " ind2=" ">
   <subfield code="a">text file</subfield>
   <subfield code="b">PDF</subfield>
   <subfield code="2">rda</subfield>
  </datafield>
  <datafield tag="505" ind1="0" ind2=" ">
   <subfield code="a">Between Autonomy and Dependence: The EU Legal Order Under the Influence of International Organisations − An Introduction -- The Autonomy of EU Law: More is Less? Norms Emanating from International Bodies and Their Role in the Legal Order of the European Union -- The Influence of International Organisations on the European Union: A Political Science Perspective -- The European Court of Justice and (Quasi-)Judicial Bodies of International Organisations -- The Impact of Council of Europe Standards on the European Union -- WTO Influence on EU Law: Too Close for Comfort? The Relationship Between International Monetary Fund Law and European Union Law − Influence, Impact, Effect, and Interaction -- The Influence of the World Intellectual Property Organization on the European Union -- The Influence of the Food and Agriculture Organization (FAO) on the EU Legal Order -- The Influence of NATO on the Development of the EU’s Common Security and Defence Policy -- The Influence of International Organisations on the EU’s Area of Freedom, Security and Justice: A First Inquiry -- The Influence of International Organisations on the EU and its Legal Order: Between Autonomy and Dependence.</subfield>
  </datafield>
  <datafield tag="520" ind1=" " ind2=" ">
   <subfield code="a">The European Union’s legal order is traditionally seen as largely autonomous within the global legal system. At the same time, the EU is an important player in the global governance network and has revealed its dependence on international law and international normative processes. The strong and explicit link between the EU and a large number of other international organisations raises questions concerning the impact of decisions taken by those organisations and of international agreements concluded with those organisations on the autonomy of the EU legal order. While the relationship between international and EU law as such is a popular academic theme, the increasing influence of norms enacted by international organisations and more loosely structured bodies on the shaping of the EU and its legal order has never before been studied in a similar comprehensive fashion. In this book, prominent academics and leading practitioners explore a wide variety of legal issues pertaining to the influence of the most prominent universal and regional international organisations and bodies on the EU’s legal order, its institutional design and operational experiences. As such, this book will be of much value to academics, policy makers, civil servants, lawyers and judges with an interest in the interaction of international law and EU law, as well as the relations between the European Union and other international organisations.</subfield>
  </datafield>
  <datafield tag="650" ind1=" " ind2="0">
   <subfield code="a">Law—Europe.</subfield>
  </datafield>
  <datafield tag="650" ind1=" " ind2="0">
   <subfield code="a">Public international law.</subfield>
  </datafield>
  <datafield tag="650" ind1="1" ind2="4">
   <subfield code="a">European Law.</subfield>
   <subfield code="0">https://scigraph.springernature.com/ontologies/product-market-codes/R20000</subfield>
  </datafield>
  <datafield tag="650" ind1="2" ind2="4">
   <subfield code="a">Public International Law .</subfield>
   <subfield code="0">https://scigraph.springernature.com/ontologies/product-market-codes/R19000</subfield>
  </datafield>
  <datafield tag="700" ind1="1" ind2=" ">
   <subfield code="a">Wessel, Ramses A.</subfield>
   <subfield code="e">editor.</subfield>
   <subfield code="4">edt</subfield>
   <subfield code="4">http://id.loc.gov/vocabulary/relators/edt</subfield>
  </datafield>
  <datafield tag="700" ind1="1" ind2=" ">
   <subfield code="a">Blockmans, Steven.</subfield>
   <subfield code="e">editor.</subfield>
   <subfield code="4">edt</subfield>
   <subfield code="4">http://id.loc.gov/vocabulary/relators/edt</subfield>
  </datafield>
  <datafield tag="710" ind1="2" ind2=" ">
   <subfield code="a">SpringerLink (Online service)</subfield>
  </datafield>
  <datafield tag="773" ind1="0" ind2=" ">
   <subfield code="t">Springer Nature eBook</subfield>
  </datafield>
  <datafield tag="776" ind1="0" ind2="8">
   <subfield code="i">Printed edition:</subfield>
   <subfield code="z">9789067049047</subfield>
  </datafield>
  <datafield tag="776" ind1="0" ind2="8">
   <subfield code="i">Printed edition:</subfield>
   <subfield code="z">9789067049856</subfield>
  </datafield>
  <datafield tag="776" ind1="0" ind2="8">
   <subfield code="i">Printed edition:</subfield>
   <subfield code="z">9789067049023</subfield>
  </datafield>
  <datafield tag="856" ind1="4" ind2="0">
   <subfield code="u">https://doi.org/10.1007/978-90-6704-903-0</subfield>
  </datafield>
  <datafield tag="912" ind1=" " ind2=" ">
   <subfield code="a">ZDB-2-SHU</subfield>
  </datafield>
  <datafield tag="912" ind1=" " ind2=" ">
   <subfield code="a">ZDB-2-SXLC</subfield>
  </datafield>
  <datafield tag="950" ind1=" " ind2=" ">
   <subfield code="a">Humanities, Social Sciences and Law (SpringerNature-11648)</subfield>
  </datafield>
  <datafield tag="950" ind1=" " ind2=" ">
   <subfield code="a">Law and Criminology (R0) (SpringerNature-43727)</subfield>
  </datafield>
 </record>
</collection>
